A meggyőződésformálás elmélete és gyakorlata
Elmentve itt :
| Szerző: | |
|---|---|
| További közreműködők: | |
| Dokumentumtípus: | Szakdolgozat |
| Tárgyszavak: | |
| Online Access: | http://diploma.bibl.u-szeged.hu/56938 |
| LEADER | 00530nta a2200145 i 4500 | ||
|---|---|---|---|
| 001 | dipl56938 | ||
| 005 | 20160507193250.0 | ||
| 008 | 160507suuuu hu om 0|| hun d | ||
| 040 | |a SZTE Diploma Repozitórium |b hun | ||
| 041 | |a hun | ||
| 100 | 1 | |a Kovács András | |
| 245 | 1 | 2 | |a A meggyőződésformálás elmélete és gyakorlata |h [elektronikus dokumentum] / |c András Kovács |
| 650 | 4 | |a Bölcsészettudományok | |
| 700 | 1 | |a nincs megadva |e ths | |
| 856 | 4 | 0 | |u http://diploma.bibl.u-szeged.hu/id/eprint/56938/1/xxxx_kovacs_andras.pdf |z Dokumentum-elérés |